[Event "18th Charleroi Open-A 2019"]
[Site "Charleroi"]
[Date "2019.07.29"]
[Round "3.24"]
[White "Moerman, Thomas"]
[Black "Iolis, Oleg"]
[Result "0-1"]
[WhiteElo "1931"]
[BlackElo "2178"]
[Annotator "ChessBase"]
[PlyCount "66"]
[EventDate "2019.07.22"]
[EventType "swiss"]
[EventCountry "BEL"]
[SourceTitle "playchess.com"]
[Source "ChessBase"]
[SourceQuality "1"]
[TimeControl "40/5400+30:1800+30"]

1. d4 {[%emt 0:00:41]} Nf6 {[%emt 0:00:00]} 2. c4 {[%emt 0:00:09]} g6 {[%emt 0:00:00]} 3. Nc3 {[%emt 0:00:32]} d5 {[%emt 0:00:00]} 4. cxd5 {[%emt 0:00:41]} Nxd5 {[%emt 0:00:00]} 5. e4 {[%emt 0:00:36]} Nxc3 {[%emt 0:00:00]} 6. bxc3 {[%emt 0:00:05]} Bg7 {[%emt 0:00:00]} 7. Be3 {[%emt 0:02:00]} c5 {[%emt 0:00:16]} 8. Nf3 {[%emt 0:00:43]} Nc6 {[%emt 0:01:41]} 9. Qd2 {[%emt 0:01:12]} Bg4 {[%emt 0:11:13]} 10. d5 {[%emt 0:02:38]} Qa5 {[%emt 0:05:10]} 11. Rc1 {[%emt 0:02:21]} Bxf3 {[%emt 0:04:57]} 12. gxf3 {[%emt 0:01:45]} Rd8 {[%emt 0:00:16]} 13. f4 {[%emt 0:08:07]} e6 {[%emt 0:06:47]} 14. d6 {[%emt 0:27:21]} e5 {[%emt 0:05:03]} 15. Qd5 {[%emt 0:06:26]} exf4 {[%emt 0:05:53]} 16. Bc4 {[%emt 0:02:12]} Bxc3+ {[%emt 0:11:42]} 17. Kf1 {[%emt 0:00:35]} Ne5 {[%emt 0:10:42]} 18. Bxf4 {[%emt 0:07:35]} Nxc4 {[%emt 0:02:01]} 19. Qxc4 {[%emt 0:00:35]} Bd4 {[%emt 0:01:07]} 20. e5 {[%emt 0:02:38]} O-O {[%emt 0:00:28]} 21. h4 {[%emt 0:05:03]} Rfe8 {[%emt 0:03:49]} 22. h5 {[%emt 0:05:57]} Bxe5 {[%emt 0:02:17]} 23. hxg6 {[%emt 0:00:36]} hxg6 {[%emt 0:00:09]} 24. Bxe5 {[%emt 0:01:42]} Rxe5 {[%emt 0:00:11]} 25. Qf4 {[%emt 0:00:14]} Qa6+ {[%emt 0:04:27]} 26. Kg1 {[%emt 0:02:16]} Qxd6 {[%emt 0:00:14]} 27. Qh6 {[%emt 0:02:14]} Qf6 {[%emt 0:02:21]} 28. Kf1 {[%emt 0:03:32]} Qg7 {[%emt 0:01:48]} 29. Qh4 {[%emt 0:00:28]} Rde8 {[%emt 0:02:28]} 30. Qg4 Qf6 {[%emt 0:01:06]} 31. Rh3 {[%emt 0:01:54]} Rg5 {[%emt 0:01:42]} 32. Qh4 {[%emt 0:00:13]} Qa6+ {[%emt 0:00:10]} 33. Rc4 {[%emt 0:00:14]} Rh5 {[%emt 0:00:13]} 0-1

[Event "18th Charleroi Open-A 2019"]
[Site "Charleroi"]
[Date "2019.07.29"]
[Round "3.25"]
[White "Damlakhi, Mahmoud"]
[Black "Duhayon, Yves"]
[Result "1/2-1/2"]
[WhiteElo "2008"]
[BlackElo "2132"]
[Annotator "NA"]
[PlyCount "160"]
[EventDate "2019.07.22"]
[EventType "swiss"]
[EventCountry "BEL"]
[SourceTitle "playchess.com"]
[Source "ChessBase"]
[SourceQuality "1"]
[TimeControl "40/5400+30:1800+30"]

1. d4 {[%emt 0:03:34]} d5 {[%emt 0:00:00]} 2. c4 {[%emt 0:00:14]} e6 {[%emt 0:00:00]} 3. Nc3 {[%emt 0:00:04]} a6 {[%emt 0:00:14]} 4. cxd5 {[%emt 0:00:06]} exd5 {[%emt 0:00:06]} 5. Bf4 {[%emt 0:00:51]} Nf6 {[%emt 0:00:10]} 6. e3 {[%emt 0:00:05]} Bd6 {[%emt 0:00:13]} 7. Bxd6 {[%emt 0:02:42]} Qxd6 {[%emt 0:00:05]} 8. Bd3 {[%emt 0:00:50]} O-O {[%emt 0:06:09]} 9. Nge2 {[%emt 0:05:54]} Re8 {[%emt 0:07:19]} 10. h3 {[%emt 0:06:47]} Nbd7 {[%emt 0:22:37]} 11. O-O {[%emt 0:02:40]} Nf8 {[%emt 0:02:36]} 12. Nf4 {[%emt 0:03:14]} Ne6 {[%emt 0:05:53]} 13. Nh5 {[%emt 0:00:57]} Nd7 {[%emt 0:08:24]} 14. Qg4 {[%emt 0:21:40]} g6 {[%emt 0:07:34]} 15. e4 {[%emt 0:12:19]} Kh8 {[%emt 0:04:01]} 16. e5 {[%emt 0:01:03]} Qf8 {[%emt 0:04:22]} 17. Nf4 {[%emt 0:08:11]} Nxf4 {[%emt 0:12:18]} 18. Qxf4 {[%emt 0:00:05]} c6 {[%emt 0:00:03]} 19. Qh4 {[%emt 0:01:52]} Qe7 {[%emt 0:02:47]} 20. Qh6 {[%emt 0:03:31]} Qf8 {[%emt 0:04:58]} 21. Qe3 {[%emt 0:00:16]} f5 {[%emt 0:02:26]} 22. Ne2 {[%emt 0:02:17]} Qe7 {[%emt 0:01:07]} 23. Nf4 {[%emt 0:08:19]} Nf8 {[%emt 0:00:08]} 24. Rab1 {[%emt 0:00:48]} a5 {[%emt 0:00:43]} 25. g3 {[%emt 0:00:37]} Ne6 {[%emt 0:00:15]} 26. h4 {[%emt 0:01:26]} Nxf4 {[%emt 0:02:45]} 27. Qxf4 {[%emt 0:00:03]} Be6 {[%emt 0:00:09]} 28. Kg2 {[%emt 0:00:49]} Kg7 {[%emt 0:01:42]} 29. a3 {[%emt 0:01:00]} h6 {[%emt 0:01:19]} 30. Qd2 {[%emt 0:00:52]} Rf8 {[%emt 0:00:39]} 31. f4 {[%emt 0:00:39]} h5 {[%emt 0:00:53]} 32. b4 {[%emt 0:01:15]} axb4 {[%emt 0:00:07]} 33. axb4 {[%emt 0:00:09]} b5 {[%emt 0:01:15]} 34. Ra1 {[%emt 0:01:29]} Qb7 {[%emt 0:01:22]} 35. Qc3 {[%emt 0:00:48]} Qb6 {[%emt 0:00:37]} 36. Ra5 {[%emt 0:01:15]} Ra6 {[%emt 0:01:56]} 37. Rxa6 {[%emt 0:02:18]} Qxa6 {[%emt 0:00:01]} 38. Ra1 {[%emt 0:00:02]} Qb6 {[%emt 0:00:11]} 39. Kf3 {[%emt 0:02:56]} Rc8 {[%emt 0:00:45]} 40. Ke3 {[%emt 0:01:30]} Kf7 {[%emt 0:00:09]} 41. Ra5 {[%emt 0:30:20]} Rc7 {[%emt 0:30:36]} 42. Qa3 {[%emt 0:01:08]} Bc8 {[%emt 0:00:29]} 43. Qc3 {[%emt 0:02:37]} Bd7 {[%emt 0:00:51]} 44. Bc2 {[%emt 0:00:00]} Ke7 {[%emt 0:00:00]} 45. Qa3 {[%emt 0:00:00]} Bc8 {[%emt 0:00:00]} 46. Kd3 {[%emt 0:00:00]} Kd7 {[%emt 0:00:00]} 47. Qa1 {[%emt 0:00:00]} Ke6 {[%emt 0:00:00]} 48. Bb3 {[%emt 0:00:00]} Ke7 {[%emt 0:00:00]} 49. Qa2 {[%emt 0:00:00]} Ke6 {[%emt 0:00:00]} 50. Ra8 {[%emt 0:00:00]} Ke7 {[%emt 0:00:00]} 51. Ra5 {[%emt 0:00:00]} Ke6 {[%emt 0:00:00]} 52. Bd1 {[%emt 0:00:00]} Ke7 {[%emt 0:00:00]} 53. Bf3 {[%emt 0:00:00]} Ke6 {[%emt 0:00:00]} 54. Qa1 {[%emt 0:00:00]} Ke7 {[%emt 0:00:00]} 55. Qd1 {[%emt 0:00:00]} Ra7 {[%emt 0:00:00]} 56. Qa1 {[%emt 0:00:00]} Rc7 {[%emt 0:00:00]} 57. Qc3 {[%emt 0:00:00]} Bd7 {[%emt 0:00:00]} 58. Qa3 {[%emt 0:00:00]} Bc8 {[%emt 0:00:00]} 59. Ra8 {[%emt 0:00:00]} Ke6 {[%emt 0:00:00]} 60. Be2 {[%emt 0:00:02]} Ke7 {[%emt 0:00:00]} 61. Qc3 {[%emt 0:00:05]} Ke6 {[%emt 0:00:00]} 62. Qc5 {[%emt 0:00:22]} Qxc5 {[%emt 0:00:00]} 63. bxc5 {[%emt 0:01:16]} Bb7 {[%emt 0:04:19]} 64. Rh8 {[%emt 0:00:55]} Rg7 {[%emt 0:02:18]} 65. Kc3 {[%emt 0:01:01]} Kd7 {[%emt 0:00:41]} 66. Kb4 {[%emt 0:00:08]} Kc7 {[%emt 0:00:10]} 67. Ka5 {[%emt 0:00:16]} Bc8 {[%emt 0:00:37]} 68. Rf8 {[%emt 0:02:05]} Kb7 {[%emt 0:01:42]} 69. Rf6 {[%emt 0:01:41]} Bd7 {[%emt 0:03:41]} 70. Bd3 {[%emt 0:03:21]} Be8 {[%emt 0:00:21]} 71. Rd6 {[%emt 0:02:05]} Re7 {[%emt 0:00:45]} 72. Rf6 {[%emt 0:01:15]} Bf7 {[%emt 0:00:14]} 73. Be2 {[%emt 0:00:46]} Be8 {[%emt 0:00:06]} 74. Bf3 {[%emt 0:00:35]} Bf7 {[%emt 0:00:09]} 75. e6 {[%emt 0:00:23]} Be8 {[%emt 0:00:41]} 76. Be2 {[%emt 0:00:34]} Kb8 {[%emt 0:00:31]} 77. Kb6 {[%emt 0:01:20]} Rb7+ {[%emt 0:00:09]} 78. Ka5 {[%emt 0:00:29]} Ra7+ {[%emt 0:00:07]} 79. Kb6 {[%emt 0:00:33]} Rb7+ {[%emt 0:00:11]} 80. Ka5 {[%emt 0:00:32]} Ra7+ {[%emt 0:00:01]} 1/2-1/2

[Event "18th Charleroi Open-A 2019"]
[Site "Charleroi"]
[Date "2019.07.29"]
[Round "3.26"]
[White "Denivet, Axel"]
[Black "Roger, Mehdi"]
[Result "0-1"]
[WhiteElo "1932"]
[BlackElo "2125"]
[Annotator "NA"]
[PlyCount "52"]
[EventDate "2019.07.22"]
[EventType "swiss"]
[EventCountry "BEL"]
[SourceTitle "playchess.com"]
[Source "ChessBase"]
[SourceQuality "1"]
[TimeControl "40/5400+30:1800+30"]

1. e4 {[%emt 0:00:00]} c5 {[%emt 0:00:43]} 2. Nf3 {[%emt 0:00:00]} d6 {[%emt 0:00:35]} 3. d4 {[%emt 0:00:00]} cxd4 {[%emt 0:00:04]} 4. Nxd4 {[%emt 0:00:00]} Nf6 {[%emt 0:00:06]} 5. Nc3 {[%emt 0:00:04]} g6 {[%emt 0:00:47]} 6. Be3 {[%emt 0:00:44]} Bg7 {[%emt 0:00:11]} 7. f3 {[%emt 0:00:21]} O-O {[%emt 0:00:29]} 8. Qd2 {[%emt 0:00:11]} Nc6 {[%emt 0:00:18]} 9. O-O-O {[%emt 0:00:20]} d5 {[%emt 0:00:51]} 10. Nxc6 {[%emt 0:04:21]} bxc6 {[%emt 0:00:05]} 11. Bh6 {[%emt 0:02:49]} Bxh6 {[%emt 0:05:03]} 12. Qxh6 {[%emt 0:00:09]} Rb8 {[%emt 0:05:17]} 13. e5 {[%emt 0:06:09]} Nd7 {[%emt 0:04:59]} 14. Rd4 {[%emt 0:07:57]} Re8 {[%emt 1:17:32]} 15. h4 {[%emt 0:13:31]} Qb6 {[%emt 0:00:00]} 16. h5 {[%emt 0:04:20]} Nf8 {[%emt 0:00:00]} 17. hxg6 {[%emt 0:02:32]} fxg6 {[%emt 0:00:00]} 18. Rf4 {[%emt 0:24:27]} Qe3+ {[%emt 0:00:00]} 19. Kd1 {[%emt 0:00:11]} Bf5 {[%emt 0:00:00]} 20. Bd3 {[%emt 0:06:54]} e6 {[%emt 0:00:00]} 21. g4 {[%emt 0:01:40]} Rxb2 {[%emt 0:00:00]} 22. gxf5 {[%emt 0:00:21]} Reb8 {[%emt 0:00:00]} 23. Rb4 {[%emt 0:04:55]} Qxh6 {[%emt 0:00:00]} 24. Rxh6 {[%emt 0:00:45]} R2xb4 25. fxg6 {[%emt 0:02:43]} hxg6 {[%emt 0:00:00]} 26. Bxg6 {[%emt 0:01:11]} Kg7 {[%emt 0:00:00]} 0-1

[Event "18th Charleroi Open-A 2019"]
[Site "Charleroi"]
[Date "2019.07.29"]
[Round "3.28"]
[White "De Block, Fabio"]
[Black "Ramacker, Quinten"]
[Result "0-1"]
[WhiteElo "2039"]
[BlackElo "2006"]
[Annotator "NA"]
[PlyCount "102"]
[EventDate "2019.07.22"]
[EventType "swiss"]
[EventCountry "BEL"]
[SourceTitle "playchess.com"]
[Source "ChessBase"]
[SourceQuality "1"]
[TimeControl "40/5400+30:1800+30"]

1. d4 {[%emt 0:07:07]} Nf6 {[%emt 0:00:00]} 2. c4 {[%emt 0:00:39]} e6 {[%emt 0:00:00]} 3. Nc3 {[%emt 0:00:21]} d5 {[%emt 0:02:12]} 4. cxd5 {[%emt 0:00:44]} exd5 {[%emt 0:00:14]} 5. Qc2 {[%emt 0:00:20]} Be7 {[%emt 0:06:20]} 6. Nf3 {[%emt 0:07:06]} O-O {[%emt 0:01:51]} 7. g3 {[%emt 0:03:39]} Nc6 {[%emt 0:13:37]} 8. a3 {[%emt 0:07:11]} Re8 {[%emt 1:09:46]} 9. Bg2 {[%emt 0:02:47]} Ne4 {[%emt 0:00:00]} 10. O-O {[%emt 0:05:05]} Bf5 {[%emt 0:00:00]} 11. Qb3 {[%emt 0:06:40]} Na5 {[%emt 0:00:00]} 12. Qxd5 {[%emt 0:04:19]} Nxc3 {[%emt 0:00:00]} 13. Qxf5 {[%emt 0:00:05]} Nxe2+ {[%emt 0:00:00]} 14. Kh1 {[%emt 0:00:04]} Nb3 {[%emt 0:00:00]} 15. Ng5 {[%emt 0:07:21]} Bxg5 {[%emt 0:00:00]} 16. Bxg5 {[%emt 0:00:05]} Nexd4 {[%emt 0:00:00]} 17. Qg4 {[%emt 0:03:37]} Qd6 {[%emt 0:00:00]} 18. Rad1 {[%emt 0:03:56]} Qg6 {[%emt 0:00:00]} 19. h3 {[%emt 0:06:45]} c6 {[%emt 0:00:00]} 20. Be3 {[%emt 0:06:29]} Nf5 {[%emt 0:00:00]} 21. Qxg6 {[%emt 0:05:12]} hxg6 {[%emt 0:00:00]} 22. Rd7 {[%emt 0:05:52]} Rxe3 {[%emt 0:07:00]} 23. fxe3 {[%emt 0:07:06]} Nxg3+ {[%emt 0:00:00]} 24. Kg1 {[%emt 0:00:15]} Nxf1 {[%emt 0:00:00]} 25. Bxf1 {[%emt 0:01:23]} Nc5 {[%emt 0:00:00]} 26. Rc7 {[%emt 0:02:14]} Rb8 {[%emt 0:00:00]} 27. Bc4 {[%emt 0:02:46]} Ne6 {[%emt 0:00:00]} 28. Bxe6 {[%emt 0:00:12]} fxe6 {[%emt 0:00:00]} 29. Re7 {[%emt 0:00:05]} Kf8 {[%emt 0:00:00]} 30. Rxe6 {[%emt 0:00:11]} Re8 {[%emt 0:00:00]} 31. Rxe8+ {[%emt 0:02:51]} Kxe8 {[%emt 0:00:00]} 32. Kf2 {[%emt 0:00:03]} Ke7 {[%emt 0:00:00]} 33. Kf3 {[%emt 0:00:09]} Kf6 {[%emt 0:00:00]} 34. Kf4 {[%emt 0:01:18]} g5+ {[%emt 0:00:20]} 35. Ke4 {[%emt 0:00:11]} Ke6 {[%emt 0:00:10]} 36. b4 {[%emt 0:01:03]} b6 {[%emt 0:01:23]} 37. a4 {[%emt 0:01:29]} a6 {[%emt 0:01:31]} 38. Kd4 {[%emt 0:01:04]} Kf5 {[%emt 0:03:02]} 39. a5 {[%emt 0:00:22]} bxa5 {[%emt 0:00:13]} 40. bxa5 {[%emt 0:00:05]} g4 {[%emt 0:00:04]} 41. hxg4+ {[%emt 0:31:17]} Kxg4 {[%emt 0:30:03]} 42. Kc5 {[%emt 0:00:00]} g5 {[%emt 0:00:00]} 43. Kxc6 {[%emt 0:00:00]} Kf5 {[%emt 0:00:00]} 44. Kb6 {[%emt 0:00:00]} g4 {[%emt 0:00:00]} 45. Kxa6 {[%emt 0:00:00]} g3 {[%emt 0:00:00]} 46. Kb7 {[%emt 0:00:00]} g2 {[%emt 0:00:00]} 47. a6 {[%emt 0:00:00]} g1=Q {[%emt 0:00:00]} 48. a7 {[%emt 0:00:00]} Qb1+ {[%emt 0:00:00]} 49. Kc7 {[%emt 0:00:00]} Qc2+ {[%emt 0:00:00]} 50. Kb7 {[%emt 0:00:00]} Qb3+ {[%emt 0:00:00]} 51. Kc7 {[%emt 0:00:00]} Qc4+ {[%emt 0:00:00]} 0-1

[Event "18th Charleroi Open-A 2019"]
[Site "Charleroi"]
[Date "2019.07.29"]
[Round "3.29"]
[White "Verhalle, Elias"]
[Black "Sclacmender, Julien"]
[Result "0-1"]
[WhiteElo "1983"]
[BlackElo "2269"]
[Annotator "ChessBase"]
[PlyCount "72"]
[EventDate "2019.07.22"]
[EventType "swiss"]
[EventCountry "BEL"]
[SourceTitle "playchess.com"]
[Source "ChessBase"]
[SourceQuality "1"]
[TimeControl "40/5400+30:1800+30"]

1. e4 {[%emt 0:00:00]} c5 {[%emt 0:04:37]} 2. d4 {[%emt 0:00:00]} cxd4 {[%emt 0:00:03]} 3. c3 {[%emt 0:00:00]} Nf6 {[%emt 0:00:03]} 4. e5 {[%emt 0:00:00]} Nd5 {[%emt 0:00:02]} 5. Nf3 {[%emt 0:00:00]} Nc6 {[%emt 0:00:07]} 6. cxd4 {[%emt 0:00:00]} d6 {[%emt 0:00:08]} 7. Bc4 {[%emt 0:00:00]} Nb6 {[%emt 0:00:06]} 8. Bb5 {[%emt 0:00:00]} dxe5 {[%emt 0:00:09]} 9. Nxe5 {[%emt 0:00:02]} Bd7 {[%emt 0:00:03]} 10. Nxd7 {[%emt 0:00:04]} Qxd7 {[%emt 0:00:02]} 11. Nc3 {[%emt 0:00:04]} Rd8 {[%emt 0:05:28]} 12. Be3 {[%emt 0:00:54]} a6 {[%emt 0:09:10]} 13. Bxc6 {[%emt 0:02:19]} Qxc6 {[%emt 0:00:07]} 14. O-O {[%emt 0:01:25]} e6 {[%emt 0:09:39]} 15. Rc1 {[%emt 0:11:07]} Nd5 {[%emt 0:18:39]} 16. Qf3 {[%emt 0:51:12]} Be7 {[%emt 0:24:13]} 17. Nxd5 {[%emt 0:04:48]} Qxd5 {[%emt 0:00:02]} 18. Qxd5 {[%emt 0:00:06]} Rxd5 {[%emt 0:00:03]} 19. Rc7 {[%emt 0:00:04]} Rd7 {[%emt 0:00:23]} 20. Rfc1 {[%emt 0:00:19]} Bd6 {[%emt 0:01:49]} 21. Rc8+ {[%emt 0:00:19]} Rd8 {[%emt 0:00:06]} 22. d5 {[%emt 0:00:56]} Kd7 {[%emt 0:02:48]} 23. dxe6+ {[%emt 0:04:11]} Kxe6 {[%emt 0:00:02]} 24. Rxd8 {[%emt 0:00:29]} Rxd8 {[%emt 0:00:05]} 25. g3 {[%emt 0:07:43]} Be5 {[%emt 0:03:28]} 26. b3 {[%emt 0:00:54]} h5 {[%emt 0:04:06]} 27. h3 {[%emt 0:03:55]} Rd3 {[%emt 0:00:39]} 28. Re1 {[%emt 0:01:58]} Kd5 {[%emt 0:01:02]} 29. Re2 {[%emt 0:01:12]} b5 {[%emt 0:04:17]} 30. Kg2 {[%emt 0:02:28]} g6 {[%emt 0:04:40]} 31. Kf3 {[%emt 0:03:51]} Rc3 {[%emt 0:05:15]} 32. Rd2+ {[%emt 0:00:34]} Ke6 {[%emt 0:00:16]} 33. g4 {[%emt 0:02:53]} f5 {[%emt 0:01:39]} 34. gxh5 {[%emt 0:00:43]} gxh5 {[%emt 0:00:06]} 35. Kg2 {[%emt 0:00:28]} f4 {[%emt 0:00:15]} 36. Bd4 {[%emt 0:00:24]} f3+ {[%emt 0:00:05]} 0-1

[Event "18th Charleroi Open-A 2019"]
[Site "Charleroi"]
[Date "2019.07.29"]
[Round "3.30"]
[White "Dugailliez, Guy"]
[Black "Callier, Christophe"]
[Result "1-0"]
[WhiteElo "2063"]
[BlackElo "1986"]
[Annotator "NA"]
[PlyCount "123"]
[EventDate "2019.07.22"]
[EventType "swiss"]
[EventCountry "BEL"]
[SourceTitle "playchess.com"]
[Source "ChessBase"]
[SourceQuality "1"]
[TimeControl "40/5400+30:1800+30"]

1. e4 {[%emt 0:00:00]} e5 {[%emt 0:07:49]} 2. f4 {[%emt 0:00:28]} Bc5 {[%emt 0:00:16]} 3. Nf3 {[%emt 0:00:41]} d6 {[%emt 0:00:04]} 4. Bc4 {[%emt 0:02:30]} Nf6 {[%emt 0:00:07]} 5. Nc3 {[%emt 0:01:47]} Nc6 {[%emt 0:00:08]} 6. d3 {[%emt 0:00:33]} a6 {[%emt 0:00:08]} 7. h3 {[%emt 0:12:13]} Na5 {[%emt 0:00:30]} 8. Bb3 {[%emt 0:10:54]} O-O {[%emt 0:02:50]} 9. Ne2 {[%emt 0:00:25]} Nxb3 {[%emt 0:00:22]} 10. axb3 {[%emt 0:00:06]} Re8 {[%emt 0:01:37]} 11. fxe5 {[%emt 0:01:54]} dxe5 {[%emt 0:00:11]} 12. Bg5 {[%emt 0:00:56]} Qd6 {[%emt 0:03:05]} 13. Qd2 {[%emt 0:03:30]} Qb6 {[%emt 0:02:59]} 14. Rf1 {[%emt 0:01:13]} Nd7 {[%emt 0:02:17]} 15. Nc3 {[%emt 0:02:43]} Bb4 {[%emt 0:04:10]} 16. Be3 {[%emt 0:01:24]} c5 {[%emt 0:00:16]} 17. Qf2 {[%emt 0:01:19]} f6 {[%emt 0:01:15]} 18. Nd2 {[%emt 0:00:52]} Bxc3 {[%emt 0:01:05]} 19. bxc3 {[%emt 0:00:16]} Qc7 {[%emt 0:00:26]} 20. g4 {[%emt 0:01:42]} b6 {[%emt 0:01:58]} 21. Nf3 {[%emt 0:01:30]} Nf8 {[%emt 0:04:47]} 22. Nh4 {[%emt 0:02:59]} Ne6 {[%emt 0:06:19]} 23. Nf5 {[%emt 0:00:59]} Rf8 {[%emt 0:01:30]} 24. g5 {[%emt 0:09:58]} Nf4 {[%emt 0:05:26]} 25. gxf6 {[%emt 0:08:38]} Rxf6 {[%emt 0:00:50]} 26. Bxf4 {[%emt 0:02:01]} exf4 {[%emt 0:01:46]} 27. Qxf4 {[%emt 0:02:04]} Qxf4 {[%emt 0:00:33]} 28. Rxf4 {[%emt 0:00:05]} Bxf5 {[%emt 0:00:34]} 29. exf5 {[%emt 0:00:20]} a5 {[%emt 0:00:22]} 30. b4 {[%emt 0:01:58]} g6 {[%emt 0:02:06]} 31. bxc5 {[%emt 0:29:32]} bxc5 {[%emt 0:00:23]} 32. Rfa4 {[%emt 0:00:00]} Rxf5 {[%emt 0:00:35]} 33. Rxa5 {[%emt 0:00:00]} Re8+ {[%emt 0:00:29]} 34. Kd2 {[%emt 0:00:00]} Rf2+ {[%emt 0:10:33]} 35. Kc1 {[%emt 0:00:00]} Rf1+ {[%emt 0:00:22]} 36. Kb2 {[%emt 0:00:00]} Rb8+ {[%emt 0:00:10]} 37. Ka2 {[%emt 0:00:00]} Rf2 {[%emt 0:00:26]} 38. Rc1 {[%emt 0:00:00]} c4 {[%emt 0:00:53]} 39. Ka3 {[%emt 0:00:00]} Rf3 {[%emt 0:02:47]} 40. Rd1 {[%emt 0:00:00]} Rxh3 {[%emt 0:00:25]} 41. Rc5 {[%emt 0:18:31]} cxd3 {[%emt 0:30:37]} 42. cxd3 {[%emt 0:00:10]} Kf7 {[%emt 0:03:54]} 43. d4 {[%emt 0:01:10]} Ke7 {[%emt 0:02:17]} 44. Rc1 {[%emt 0:06:37]} Kd6 {[%emt 0:00:53]} 45. Rc4 {[%emt 0:01:13]} Rh2 {[%emt 0:05:18]} 46. Rb4 {[%emt 0:00:39]} Rxb4 {[%emt 0:07:13]} 47. Kxb4 {[%emt 0:00:06]} g5 {[%emt 0:00:38]} 48. Rg1 {[%emt 0:02:09]} h6 {[%emt 0:00:11]} 49. c4 {[%emt 0:03:06]} Rh4 {[%emt 0:00:47]} 50. Kc3 {[%emt 0:00:34]} g4 {[%emt 0:00:16]} 51. Kd3 {[%emt 0:00:13]} h5 {[%emt 0:00:42]} 52. Ra1 {[%emt 0:01:33]} Rh3+ {[%emt 0:04:30]} 53. Ke4 {[%emt 0:00:07]} Rf3 {[%emt 0:00:33]} 54. Rh1 {[%emt 0:02:00]} Rc3 {[%emt 0:01:40]} 55. c5+ {[%emt 0:00:31]} Kc6 {[%emt 0:00:15]} 56. Rxh5 {[%emt 0:00:40]} g3 {[%emt 0:00:38]} 57. Rg5 {[%emt 0:00:25]} Ra3 {[%emt 0:01:27]} 58. Rg6+ {[%emt 0:00:35]} Kc7 {[%emt 0:00:36]} 59. d5 {[%emt 0:00:16]} Rc3 {[%emt 0:02:25]} 60. Rg7+ {[%emt 0:00:19]} Kc8 {[%emt 0:00:16]} 61. c6 {[%emt 0:00:13]} Kd8 {[%emt 0:00:36]} 62. Ke5 {[%emt 0:00:23]} 1-0

[Event "18th Charleroi Open-A 2019"]
[Site "Charleroi"]
[Date "2019.07.29"]
[Round "3.31"]
[White "Zamparo, Sergio"]
[Black "Van Doren, Bas"]
[Result "0-1"]
[WhiteElo "2031"]
[BlackElo "1976"]
[Annotator "NA"]
[PlyCount "144"]
[EventDate "2019.07.22"]
[EventType "swiss"]
[EventCountry "BEL"]
[SourceTitle "playchess.com"]
[Source "ChessBase"]
[SourceQuality "1"]
[TimeControl "40/5400+30:1800+30"]

1. e4 {[%emt 0:00:00]} c5 {[%emt 0:00:54]} 2. Nf3 {[%emt 0:00:15]} e6 {[%emt 0:00:07]} 3. d3 {[%emt 0:00:10]} Nc6 {[%emt 0:00:25]} 4. g3 {[%emt 0:00:08]} d5 {[%emt 0:00:10]} 5. Nbd2 {[%emt 0:00:08]} Nf6 {[%emt 0:01:28]} 6. Bg2 {[%emt 0:00:07]} Be7 {[%emt 0:00:11]} 7. O-O {[%emt 0:00:25]} O-O {[%emt 0:00:08]} 8. Re1 {[%emt 0:01:16]} b5 {[%emt 0:01:21]} 9. e5 {[%emt 0:00:31]} Nd7 {[%emt 0:00:26]} 10. h4 {[%emt 0:00:31]} a5 {[%emt 0:01:01]} 11. Nf1 {[%emt 0:00:37]} b4 {[%emt 0:08:55]} 12. Bf4 {[%emt 0:00:22]} Ba6 {[%emt 0:09:56]} 13. N1h2 {[%emt 0:14:30]} a4 {[%emt 0:02:57]} 14. a3 {[%emt 0:00:13]} bxa3 {[%emt 0:13:09]} 15. bxa3 {[%emt 0:00:10]} Rb8 {[%emt 0:03:51]} 16. Ng5 {[%emt 0:14:04]} Nd4 {[%emt 0:06:24]} 17. c3 {[%emt 0:05:37]} h6 {[%emt 0:09:40]} 18. Ngf3 {[%emt 0:12:20]} Nb3 {[%emt 0:01:52]} 19. Ra2 {[%emt 0:00:14]} Qa5 {[%emt 0:02:41]} 20. Qc2 {[%emt 0:03:53]} Qb5 {[%emt 0:06:27]} 21. Bf1 {[%emt 0:01:02]} Na5 {[%emt 0:00:16]} 22. Nd2 {[%emt 0:00:30]} Qc6 {[%emt 0:01:56]} 23. Bg2 {[%emt 0:05:51]} Qb5 {[%emt 0:07:11]} 24. Bf1 {[%emt 0:00:21]} Nb6 {[%emt 0:01:20]} 25. Rb1 {[%emt 0:07:01]} Qd7 {[%emt 0:03:04]} 26. Nhf3 {[%emt 0:01:16]} Rb7 {[%emt 0:04:12]} 27. g4 {[%emt 0:01:02]} Nc6 {[%emt 0:01:15]} 28. g5 {[%emt 0:00:27]} hxg5 {[%emt 0:02:00]} 29. Bxg5 {[%emt 0:01:51]} Bxg5 {[%emt 0:01:48]} 30. Nxg5 {[%emt 0:06:41]} d4 {[%emt 0:02:19]} 31. Nde4 {[%emt 0:01:16]} Qd5 {[%emt 0:00:52]} 32. f4 {[%emt 0:03:54]} dxc3 {[%emt 0:00:39]} 33. Qxc3 {[%emt 0:06:08]} Qxa2 {[%emt 0:00:53]} 34. Rb2 {[%emt 0:00:04]} Qa1 {[%emt 0:02:32]} 35. Qc2 {[%emt 0:04:03]} Nd4 {[%emt 0:01:52]} 36. Qg2 {[%emt 0:00:52]} Nd5 {[%emt 0:01:49]} 37. Rxb7 {[%emt 0:00:38]} Ne3 {[%emt 0:00:49]} 38. Qf2 {[%emt 0:03:52]} Ng4 {[%emt 0:00:13]} 39. Qb2 {[%emt 0:01:24]} Qe1 {[%emt 0:01:07]} 40. Rb8 {[%emt 0:01:09]} Qe3+ {[%emt 0:01:07]} 41. Kg2 {[%emt 0:34:16]} Nb3 {[%emt 0:02:54]} 42. Rxf8+ {[%emt 0:00:00]} Kxf8 {[%emt 0:00:18]} 43. Nf3 {[%emt 0:00:00]} Qxf4 {[%emt 0:01:34]} 44. Be2 {[%emt 0:00:00]} Bxd3 {[%emt 0:03:01]} 45. Nxc5 {[%emt 0:00:00]} Bxe2 {[%emt 0:08:21]} 46. Nd7+ {[%emt 0:00:00]} Ke7 {[%emt 0:08:43]} 47. Qxe2 {[%emt 0:00:00]} Ne3+ {[%emt 0:04:27]} 48. Kf2 {[%emt 0:00:00]} Nd4 {[%emt 0:02:36]} 49. Qxe3 {[%emt 0:00:00]} Qxe3+ {[%emt 0:01:05]} 50. Kxe3 {[%emt 0:00:00]} Nxf3 {[%emt 0:00:08]} 51. Nc5 {[%emt 0:00:00]} Nxe5 {[%emt 0:00:04]} 52. Nxa4 {[%emt 0:00:00]} Nc4+ {[%emt 0:00:14]} 53. Kf3 {[%emt 0:00:00]} Nxa3 {[%emt 0:00:04]} 54. Nc3 {[%emt 0:00:00]} f5 {[%emt 0:00:14]} 55. Ne2 {[%emt 0:00:00]} Kf6 {[%emt 0:00:26]} 56. Nf4 {[%emt 0:00:00]} g6 {[%emt 0:00:08]} 57. Nh3 {[%emt 0:00:00]} Nb5 {[%emt 0:01:03]} 58. Ng5 {[%emt 0:00:00]} Nd4+ {[%emt 0:01:51]} 59. Ke3 {[%emt 0:00:00]} e5 {[%emt 0:00:21]} 60. Nh7+ {[%emt 0:00:39]} Ke7 {[%emt 0:00:12]} 61. Ng5 {[%emt 0:00:35]} Ne6 {[%emt 0:00:06]} 62. Nf3 {[%emt 0:00:47]} Kf6 {[%emt 0:00:05]} 63. Nd2 {[%emt 0:02:37]} Nf4 {[%emt 0:00:26]} 64. Kf3 {[%emt 0:00:28]} Nd3 {[%emt 0:00:58]} 65. Ke3 {[%emt 0:01:29]} e4 {[%emt 0:00:13]} 66. Nc4 {[%emt 0:01:20]} Kg7 {[%emt 0:01:49]} 67. Nb6 {[%emt 0:03:36]} Kh6 {[%emt 0:00:37]} 68. Nd5 {[%emt 0:00:14]} Kh5 {[%emt 0:00:19]} 69. Ne7 {[%emt 0:00:18]} Ne5 {[%emt 0:00:07]} 70. Kf4 {[%emt 0:02:50]} Nf3 {[%emt 0:00:11]} 71. Ng8 {[%emt 0:00:35]} Nxh4 {[%emt 0:00:49]} 72. Nf6+ {[%emt 0:00:42]} Kh6 {[%emt 0:00:02]} 0-1